00694nam a22002057a 450000500170000001000150001702000260003203500140005803700130007208200140008510000210009924500900012025000170021026000430022727001390027030000220040950000200043170000210045170000160047220190927142934.0 aENG-126578 c729.00a9789353436537 aEN-110110 bDBAD/PUB a570.15195 aTriola , Marc M. aBiostatistics For The Biological And Health Sciences /cBy Marc M. Triola...[etc,all] a2nd Edition  aUttar PradeshbPearson Educationc2011 bNoidaa15th Floor, Tower-B, World Trade Tower, Plot No.1, Block-C, Sector-16e201301k044-66540100mcompanysecretary.india@pearson.com a715p.c26cm,(pbk) aIncludes Index. aTriola, Mario F. aRoy , Jason